Statistics for Factors of 2500

Click here to take the quiz!

General Stats

  • This quiz has been taken 32 times
  • The average score is 14 of 15

Answer Stats

Answer% Correct
1
100%
2
100%
25
100%
4
100%
5
100%
50
100%
10
95%
100
95%
250
95%
500
95%
125
86%
20
86%
1250
82%
2500
82%
625
41%

Score Distribution

Percentile by Number Answered

Percent of People with Each Score

Your Score History

You have not taken this quiz